MDQL
is popping MORE tags! Check the
thread
!
Quizzes
Events
Quiz Creation
Community
Videos
Private Events
Remove Ads
Sign In
Join for FREE
Feedback
Dark Mode
Quiz Categories
Sports
Geography
Music
Movies
Television
Just For Fun
Miscellaneous
History
Literature
Language
Science
Gaming
Entertainment
Religion
Holiday
For Kids
Quiz Lab
Recent
Popular Today
Quiz Kudos Today
Editor Picks
Curator Picks
Quizzes by...
Day
Popularity
Type
Ratings
Length
Year
Community
Subscriptions
Recent Discussions
Orange Saloon
Badges
Playlists
Quests
Create
Leaderboards
Showdown
Live 5
Trivia Bingo
Activity
Puzzle Library
Sporcle Events
Private Events
Virtual Trivia
Globe League
Become a Host
Pub Owners
SporcleCon
Opinionation
Our Games
Videos
Blog
Mobile Apps
Partnerships
Remove Ads and Go Orange
Feedback
Television
TV Characters
TV Show
Sitcom
Network
Friends
Reality Shows
Cast
South Park
Star Trek
The Simpsons
Doctor Who
Television
TV Characters
TV Show
Sitcom
Network
Friends
Reality Shows
Cast
South Park
Star Trek
The Simpsons
Doctor Who
Random Quiz
Search Sporcle
×
Quiz Lab
Quiz Lab
Television
Star Trek
Type in answers that appear in a list
Type in answers that appear in a list
Classic
Best Score? Go Orange.
Star Trek TNG Episodes by Quote Part 2 Stats
Can you name the Star Trek TNG Episodes by Quotation Part 2?
By
morgoth1138
6m
10 Questions
176 Plays
176 Plays
176 Plays
Comments
Comments
Give Quiz Kudos
Give Quiz Kudos
-
- Ratings
hide this ad
Replay
Link that replays current quiz
Next Quiz
Link to next quiz in quiz playlist
You Got
0%
They Got
Avg Score
55%
Avg Friend Score
Upgrade to see
Score Distribution
Jump to the score distribution portion of the page
Score
0/10
Timer
06:00
0
Plays Today
Hint
% Correct
'Frère Jacques, frère Jacques, Dormez-
vous? Dormez-
vous?'
Disaster
77.8%
'It's not your place to punish me for what I did at the Academy. I've worked hard here. My record is exemplary. If you're going to judge me, judge me for what I am now.'
Lower Decks
69.9%
'I am for you, Alrik of Valt'
Perfect Mate
63.1%
'The advocate will refrain from expressing personal affections for her opponent.'
Devil's Due
62.5%
'No... the name of my ship is the... Lollipop.... It's just been commissioned. It's a good ship.'
The Arsenal of Freedom
59.7%
'No. Men do not roar. Women roar...and they hurl heavy objects...and claw at you...'
The Dauphin
51.1%
'Sir... as my final duty as acting captain... I order you to bed.'
Night Terrors
50.6%
'Now, you know what a bilateral kelilactiral is?'
Rascals
44.3%
'He might try to take over the ship. I wouldn't let him!'
Q Who
39.8%
'Captain, spare me the inspirational anecdote and just accept my resignation. '
The Loss
39.8%
Quiz Playlist
Details
Report
Send in Message
Add To Playlist
Classic:
Type in answers that appear in a list
Last Updated: Feb 16, 2017
Quiz Scoreboard
CHALLENGE
Sign Up to Join the Scoreboard
Show All
Scores
Hide
Comments
May contain spoilers
Recently Published
Street Fighter Characters
by Artimus82
Gaming
60s
9x9 Crossword: Cartoon Network
by jackfrog10
Miscellaneous
3m
College Basketball Coaching Resumes
by pancakes188
Sports
9m
More to Explore
Quiz From the Vault
Featured Blog Post
Where Did the Easter Bunny Come From?
hide this ad
You Might Also Like...
Tags
Star Trek Quiz
TNG Episodes
Today's Top Quizzes in Television
Browse Television
hide this ad
Today's Top Quizzes in Star Trek
Browse Star Trek
Top Contributed Quizzes in Television
1
5-to-1: The Simpsons Families
2
Adjectives in 80s TV Shows
3
Adjectives in 00s TV Shows
4
Survivor Journey Challenge
5
5-to-1: Television Doctors
6
7-to-1: TV Show Settings
7
Adjectives in 10s TV Shows
8
5-to-1: Streaming Originals
9
Survivor Seasons
10
Adjectives in 70s TV Shows
Explore More
Trending Topics
Crossword
Kpop
Anime
Harry Potter
Disney
Marvel
NBA
The Office
Puzzle
NFL
WWE
Country
Song
Soccer
Pokémon
hide this ad
More By:
morgoth1138
Quiz
Plays
Rating
Category
Featured
Created
Star Trek TNG Episodes by Quote Part 2
176
5.00
Television
Jan 5, 2013
Go to Creator's Profile
Score Distribution
Quiz Creator Spotlight
morgoth1138
Follow
Send a Message
Quizzes Created
-
Created Quiz Play Count
-
More By This Creator
Popular Quizzes Today
1
Find the US States - No Outlines Minefield
2
Find the Countries of Europe - No Outlines Minefield
3
The Countries of the World
4
Find the US States
5
Risky Map Clicking: Biggest States A-Z
6
US States
7
Popular People in 1961
8
Movies - When Are They Set?
More Television Quizzes
Quotable 'Friends'
Published
Trending Quizzes
Risky Map Clicking: Least Populous States A-Z
Countries of the World: 200 Million BC
1-10 Letter G Words
Risky Map Clicking: Next State Alphabetically
Adjectives in 80s TV Shows
Recently Updated
Leaping Animals
pecheneg
Reality TV Shows (A-Z)
bhenderson79
Rickey Henderson's Hall of Fame Teammates
pecheneg
Champions League XIs: Arsenal
pecheneg
Quick Pick: Celebrities in WWE's Hall of Fame
aduchscher
A-Z Keypad Blitz II
pecheneg
Multiple Oscar Actors
pecheneg
Mystery Phrase Blitz: Oscar 'Best Actors'
pecheneg
F. Scott Fitzgerald Novels
LTH
Pick 3 Villains
ddd62291
Trending Topics
Disney
Crossword
Anime
NBA
Kpop
Harry Potter
Marvel
NFL
Country
WWE
Song
Puzzle
The Office
Soccer
Pokémon
Your Account Isn't Verified!
In order to create a playlist on Sporcle, you need to verify the email address you used during registration. Go to your
Sporcle Settings
to finish the process.
Report this User
Report this user for behavior that violates our
Community Guidelines
.
Details:
Send Report
Go to the Sporcle.com Mobile Site →
Comments